00389nam a2200157Ia 4500001000500000005001700005008004100022041000800063082001500071100003200086245005500118260000900173300003300182650000800215654000800223956120260306161727.0260306t2015||||xx |||||||||||||| ||spa|| aESP a382.1bC95 aCue Mancera, AgustíneAUT 0aNegocios internacionales:ben un mundo globalizado c2015 axii, 424 páginas :c27 cm. aGEN aCAN